Living in times past

Bibliographic Details
Format: Book
Published: London : Moonlight Publishing , 1992
Series:Moonlight first encyclopedia
Subjects:

MARC

LEADER 00000cam a2200000 7i4500
001 0000001319
002 000001454
005 20060206.0
020 |a 1851031324 
090 0 0 |a 030   |b MOO 
245 0 0 |a Living in times past 
260 |a London :   |b Moonlight Publishing ,   |c 1992 
300 |a 77p. :   |b ill. ;   |c 28cm. 
490 0 |a Moonlight first encyclopedia 
650 0 0 |a Dictionaries and encyclopedias 
999 |a 029088   |b BUKU   |c JUNIOR BOOKS   |e PERPUSTAKAAN KOMUNITI PETALING JAYA 
999 |a 032787   |b BUKU   |c JUNIOR BOOKS   |e PERPUSTAKAAN KOMUNITI PETALING JAYA